Statistics for 巨人軍 歴代4番打者

Click here to take the quiz!

General Stats

  • This quiz has been taken 31 times
  • The average score is 26 of 91

Answer Stats

選手名初4番% Correct
89岡本和真2018.6.2
100%
82坂本勇人2015.4.11
93%
25長嶋茂雄1958.8.6
93%
28王貞治1962.4.7
93%
72阿部慎之助2007.6.9
89%
48原辰徳1982.6.4
82%
66高橋由伸1999.5.5
79%
74ラミレス2008.4.4
79%
64清原和博1997.4.4
75%
73小笠原道大2007.7.24
75%
7川上哲治1939.5.11
71%
76村田修一2012.5.1
71%
62松井秀喜1995.8.25
71%
60落合博満1994.4.9
71%
90丸佳浩2020.9.16
68%
75長野久義2011.7.14
68%
50クロマティ1984.6.27
64%
91中田翔2022.8.11
64%
69小久保裕紀2004.7.23
57%
68ペタジーニ2003.4.15
54%
71二岡智宏2006.6.8
54%
83中井大介2015.4.29
50%
84亀井善行2015.7.27
46%
70李承燁2006.3.31
46%
77ロペス2013.4.28
43%
88ゲレーロ2018.3.30
39%
3中島治康1936.7.10
36%
45中畑清1981.4.11
36%
80セペダ2014.5.15
36%
52駒田徳広1988.8.27
32%
39張本勲1976.4.24
32%
87マギー2017.5.28
29%
33田中久寿男1967.9.9
29%
79アンダーソン2014.4.26
29%
30森昌彦1964.7.19
25%
78ボウカー2013.8.17
25%
53吉村禎章1990.7.30
25%
36柴田勲1969.7.3
25%
81大田泰示2014.9.27
25%
65石井浩郎1997.6.28
25%
67マルティネス1999.6.27
25%
24与那嶺要1958.6.14
21%
43山本功児1979.7.8
21%
58岡崎郁1993.8.11
21%
47松原誠1981.10.5
18%
63マック1996.5.26
18%
86クルーズ2016.4.14
18%
59大久保博元1993.10.2
18%
85ギャレット2016.3.25
18%
10中村政美1943.11.7
14%
11須田博1944.5.8
14%
8青田昇1943.4.10
14%
61広沢克実1995.5.3
14%
2伊藤健太郎1936.7.3
11%
37末次利光1970.6.2
11%
6水原茂1937.9.29
11%
1永沢富士雄1936.7.1
7%
46トマソン1981.5.15
7%
41ジョンソン1976.9.1
7%
32吉田勝豊1965.10.22
7%
34高倉照幸1967.10.11
7%
14黒沢俊夫1946.7.27
7%
51呂明賜1988.7.17
7%
9木暮力三1943.7.1
4%
12近藤貞雄1944.7.23
4%
13川畑博1946.4.27
4%
21樋笠一夫1955.10.8
4%
15小松原博喜1947.7.27
4%
16平山菊二1948.7.19
4%
5前川八郎1937.9.25
4%
4筒井修1936.11.19
4%
17宇野光雄1951.3.29
4%
18南村不可止1951.5.30
4%
19手塚明治1953.5.16
4%
20宮本敏雄1955.6.16
4%
57バーフィールド1993.4.23
4%
22藤尾茂1955.10.9
4%
23柏枝文治1955.19.19
4%
56モスビー1992.5.12
4%
27国松彰1960.10.3
4%
29池沢義行1963.6.26
4%
31相羽欣厚1965.10.17
4%
35森永勝也1967.10.16
4%
38柳田俊郎1974.9.6
4%
40淡口憲治1976.4.25
4%
42シピン1978.6.14
4%
44ホワイト1980.7.13
4%
49スミス1983.4.14
4%
54ブラウン1990.9.9
4%
55ブラッドリー1991.4.29
4%
26坂崎一彦1959.7.21
4%

Score Distribution

Percentile by Number Answered

Percent of People with Each Score

Your Score History

You have not taken this quiz